| 000 | 00901cab a2200253 4500 | ||
|---|---|---|---|
| 001 | WB3507-20 | ||
| 008 | 090401t1999 xxu||||| |||| 00| 0 eng d | ||
| 035 | _a(Sirsi) u91455 | ||
| 041 | _aeng | ||
| 245 | _aFirst sub-region | ||
| 260 | _c1999 | ||
| 350 | _a0 | ||
| 490 |
_aFinancial Times _v19 February 1999, 12(1) |
||
| 520 | _aBusiness leaders in Teesside have launched a campaign to become the first English sub-region to create a single enterprise company merging the area`s Training and Enterprise Council, Business Link and the inward investment and tourism activities of all the local authorities. | ||
| 650 | _aECONOMIC DEVELOPMENT | ||
| 650 | _aENTERPRISE COMPANY | ||
| 650 | _aREGIONAL DEVELOPMENT AGENCIES | ||
| 650 | _aREGIONAL DEVELOPMENT | ||
| 650 | _aSUB-REGIONS | ||
| 650 | _aTEESSIDE | ||
| 690 | _aPROPERTY-PROPERTY DEVELOPMENT | ||
| 942 | _n0 | ||
| 948 | _c19/02/1999 | ||
| 999 |
_c58060 _d58060 |
||